Mort subite - Les chansons de Mika - Statistiques

Statistiques générales
  • Ce quiz a été pris 868 fois
  • Le résultat moyen est 7 sur 19
Answers on the Grid
Answers color-coded by a green-red scale on the quiz's grid according to % correct below.
Lollipop
Freddie
C'est la vie
Gelato
Grace Kelly
Love Today
C'est la mort
Il parle
Sad Song
Sanremo
Popular Song
Fille tu es belle
Millie Bobby Brown
Ice Cream
Candy
Sweetie Banana
Underwater
Elle me dit
Pamela
Relax
Big Girl (You Are Beautiful)
Jane Birkin
Relax, Take It Easy
Liar
London
Cry
Boum Boum
Happy Ending
First Beginning
Boum Boum Boum
Moi, Andy et Paris
Love Me
 
Statistiques - réponses
Réponse % Correct
Lollipop
85%
Grace Kelly
84%
Elle me dit
66%
Love Today
56%
Popular Song
45%
Relax, Take It Easy
43%
Boum Boum Boum
39%
Underwater
39%
C'est la vie
38%
Big Girl (You Are Beautiful)
35%
Happy Ending
27%
Ice Cream
27%
Jane Birkin
20%
Sweetie Banana
18%
Moi, Andy et Paris
13%
Sanremo
13%
Cry
8%
Love Me
6%
Il parle
1%
Aucun quiz correspondant
Distribution des résultats
% des personnes avec chaque résultat
Percentile par nombre de réponses
Votre historique - résultats
Vous n’avez pas pris ce quiz